La mujer en España / (Record no. 109363)

MARC details
000 -LEADER
campo de control de longitud fija 00721nam a2200229 i 4500
001 - NÚMERO DE CONTROL
campo de control 109363
003 - IDENTIFICADOR DE NÚMERO DE CONTROL
campo de control ES-MaACL
005 - FECHA Y HORA DE LA ÚLTIMA TRANSACCIÓN
campo de control 20230906184828.0
007 - CAMPO FIJO DE DESCRIPCIÓN FÍSICA--INFORMACIÓN GENERAL
campo de control de longitud fija t|
008 - DATOS DE LONGITUD FIJA--INFORMACIÓN GENERAL
campo de control de longitud fija 061121s1967 sp f |||| | spa d
245 03 - MENCIÓN DEL TÍTULO
Título La mujer en España /
Mención de responsabilidad, etc. Mireia Bofill ... [et. al.] ; material fotográfico original de Pilar Villarrazo.
250 ## - MENCION DE EDICION
Mención de edición 1ª ed.
260 ## - PUBLICACIÓN, DISTRIBUCIÓN, ETC.
Lugar de publicación, distribución, etc. Barcelona :
Nombre del editor, distribuidor, etc. Cultura Popular,
Fecha de publicación, distribución, etc. 1967.
300 ## - DESCRIPCIÓN FÍSICA
Extensión 159 p., 8 lám. ;
Dimensiones 22 cm.
490 1# - MENCIÓN DE SERIE
Mención de serie Papeles sociales ilustrados
650 04 - PUNTO DE ACCESO ADICIONAL DE MATERIA--TÉRMINO DE MATERIA
Término de materia o nombre geográfico como elemento de entrada Mujeres-
Subdivisión geográfica España.
9 (RLIN) 15274
700 1# - ENTRADA AGREGADA--NOMBRE PERSONAL
Nombre de persona Bofill, Mireia.
9 (RLIN) 29779
700 1# - ENTRADA AGREGADA--NOMBRE PERSONAL
Nombre de persona Villarrazo, Pilar.
9 (RLIN) 115132
830 1# - PUNTO DE ACCESO ADICIONAL DE SERIE-TÍTULO UNIFORME
Título uniforme Papeles sociales ilustrados
9 (RLIN) 186520
852 ## - LOCALIZACIÓN
Ubicación ES-MaACL
Número de control de estantería C-34057
Holdings
Estatus retirado Estado de pérdida Estado de daño No para préstamo Biblioteca de origen Biblioteca actual Ubicación en estantería Fecha de adquisición Fuente de adquisición Total de préstamos Signatura topográfica completa Código de barras Visto por última vez Precio de reemplazo Tipo de ítem Koha
        Biblioteca del Ateneo de Madrid Biblioteca del Ateneo de Madrid Depósito 2 17/01/2008     C-34057 1114111 23/02/2023 23/02/2023 Libro impreso